000 00564nam a2200169Ia 4500
005 20250508153039.0
008 008 250505s9999 xx 000 0 eng d
037 _aReference
040 _aFEDL
_beng
_cFEDL
041 _aeng
_2eng
084 _a370.9, UNE/RR
_qFEDL
245 0 _aWorld survey of education: Hand book of educational organization and statistics
260 _aParis, France
_bUnited Nations Educational, Scientific and Cultural Organization
_c1955
300 _a943p.
942 _cREF
_h370.9, UNE/RR
999 _c1340359
_d1340359